00723nam a2200217Ia 4500003000900000008004100009020001800050040001600068080002200084100002500106245007300131260003300204300001300237650004100250650003100291650003100322700003200353942000700385999001500392952009800407IN-BaIIA211028s9999 xx 000 0 eng d a0-08-020914-9 cIIA Library a524.352(091)bCLA aClark, David H99705 4aThe historical supernovaecDavid H. Clark and F. Richard Stephenson. aOxfordbPergamon Pressc1977 ax, 233p. aAstronomy and astrophysics thesaurus aHistory - supernovae99706 aSupernovae - history99707 aStephenson, F Richard99708 cBK c5589d5589 00104070aBANbBANcGENd1977-10-01l0o524.352(091)/ CLAp6257r2021-11-05w1977-10-01yBK